| 000 | 04535nkm0a2200565 4500 | ||
|---|---|---|---|
| 001 | RU\NLR\BIBL_A\010981075 | ||
| 005 | 20260628162041.0 | ||
| 035 | _a(NLR Aleph) 010981075 | ||
| 071 | 5 | 0 | _a4629 |
| 090 |
_a13739904 _c13739904 |
||
| 100 | _a20160212d1912 u y0rusy50 ca | ||
| 101 | 0 |
_arus _afre |
|
| 102 | _aRU | ||
| 116 | _adiybxx zz ae | ||
| 135 | _acrcn 024anaba | ||
| 200 | 1 |
_aСпб. - Голландская церковь _bИзоматериал _dSt.-Pétersbourg. - L'église hollandaise _eоткрытое письмо _fпо фот. А. Павлович _zfre |
|
| 210 |
_a[Санкт-Петербург _cОбщина св. Евгении _d1912] _gФототипия и тип. А.Ф. Дресслера |
||
| 215 |
_a1 л. _cфототип. _d13,9х8,8 |
||
| 300 | _aНа адрес. стороне изд. марка: В пользу Общины св. Евгении | ||
| 300 | _aДата изд. установл. по изд.: Открытые письма Серебряного века : [книга-альбом] / В.П. Третьяков ; С.-Петерб. фонд культуры. - Санкт-Петербург : Славия, 2000. - С. 327 (№ 4629) | ||
| 301 | _aИзд. номер: 46-29 | ||
| 316 |
_aЭкз. РНБ на шифре Э ОТ63/Л452, Эот32583: на адрес. стороне штемпель: Из собрания В.Я. Курбатова 1957 г. _5NLR: Э ОТ63/Л452 |
||
| 325 | 1 | _aКопия доступна в электронной библиотеке РНБ | |
| 510 | 1 |
_aSt.-Pétersbourg. - L'église hollandaise _zfre |
|
| 532 | 1 | 2 | _aСанкт-Петербург. - Голландская церковь |
| 540 | 1 | _aГолландская церковь, Санкт-Петербург | |
| 540 | 1 |
_aL'église hollandaise, St.-Pétersbourg _zfre |
|
| 601 | 0 | 2 |
_aГолландская реформатская церковь _cСанкт-Петербург, город _jОткрытки _92355871 _3RU\NLR\AUTH\661407173 |
| 606 | 1 |
_aПочтовые открытки маркированные художественные _yРоссия _z1895 - 1917 _92195710 _3RU\NLR\AUTH\6601555036 |
|
| 606 | 1 |
_aФотографические открытки _92151039 _3RU\NLR\AUTH\661600135 |
|
| 607 |
_aСанкт-Петербург, город _xИзображение на почтовых открытках маркированных художественных _z1895 - 1917 _92095655 _3RU\NLR\AUTH\661571534 |
||
| 610 | 1 | _aВидовые открытки | |
| 617 |
_aРоссия _cСанкт-Петербургская губерния _cСанкт-Петербургский уезд _dСанкт-Петербург, город _eГолландская реформатская церковь _kКазанская часть _kНевский проспект |
||
| 686 | 0 | _aЩ153(2Р=Рус)53-489 | |
| 702 | 1 |
_4600 _aПавлович _bА. Н. _f1880-ок. 1933 _gАнатолий Николаевич _9134318 _3RU\NLR\AUTH\770134352 |
|
| 702 | 1 |
_4390 _aКурбатов _bВ. Я. _cд-р хим. наук, краевед _f1878-1957 _gВладимир Яковлевич _9138233 _3RU\NLR\AUTH\770138268 |
|
| 712 | 0 | 0 |
_4610 _aДресслер, _cПетербург _gАдольф Федорович, _hфототипия _9431347 _3RU\NLR\AUTH\880382534 |
| 712 | 0 | 2 |
_4650 _aОбщина св. Евгении _cПетербург _9495121 _3RU\NLR\AUTH\889998860 |
| 712 | 0 | 2 |
_4570 _aГолландская реформатская церковь _cСанкт-Петербург _9572335 _3RU\NLR\AUTH\8810036819 |
| 830 | _aВладелец фототипии - Дресслер Адольф Федорович. Инициалы раскрыты по изд.: Весь Петербург ... на 1913 год. - [Санкт-Петербург, 1913]. - Стб. 1166 (Отд. 2). А.Я. ОЭст | ||
| 856 | 0 | _uhttp://vivaldi.nlr.ru/lo000070982/view | |
| 856 | 1 | _uhttp://vivaldi.nlr.ru/lo000070982/cover | |
| 856 | 2 | _uhttp://vivaldi.nlr.ru/lo000070982/text | |
| 901 | _eИзографические материалы | ||
| 942 | _cVISUAL | ||
| 980 | _aNB | ||
| 981 | 3 | 4 |
_a(34) Санкт-Петербург _b(34) Петербург в открытке |
| 981 | 1 | 7 |
_a(17) Изографические материалы _b(17) Открытки |